000 00306nam a22001337a 4500
020 _qHB.
040 _cFIZZA ISHAQ
082 _a624.0684
_bSUI
100 _aPHENG,SUI.
_990714
245 _aPROJECT QUALITY MANAGEMENT /
_cSUI PHENG.
260 _aSSBM ;
_c2014.
300 _a186 P. ;
942 _2ddc
_cBK
999 _c588925
_d588925